Central Library OPAC University of Rajshahi

Getting results with English / (Record no. 50271)

MARC details
000 -LEADER
fixed length control field 00699nam a2200241 a 4500
001 - CONTROL NUMBER
control field 50271
003 - CONTROL NUMBER IDENTIFIER
rucl marc code BD-RjUL
005 - DATE AND TIME OF LATEST TRANSACTION
control field 20211209075502.0
008 - FIXED-LENGTH DATA ELEMENTS--GENERAL INFORMATION
fixed length control field 160824s1980 enka|||| |||| 001 0 eng d
020 ## - INTERNATIONAL STANDARD BOOK NUMBER
International Standard Book Number 0395287502
035 ## - SYSTEM CONTROL NUMBER
System control number (BD-RjUL) 50391
040 ## - CATALOGING SOURCE
Original cataloging agency BD-RjUL
Language of cataloging eng
Transcribing agency BD-RjUL
041 ## - LANGUAGE CODE
Language code of text/sound track or separate title eng
082 ## - DEWEY DECIMAL CLASSIFICATION NUMBER
Edition number 23
Classification number 425
Author mark and year ROG 1980
100 1# - MAIN ENTRY--PERSONAL NAME
Personal name Roze, Maris
9 (RLIN) 150667
245 10 - TITLE STATEMENT
Title Getting results with English /
Statement of responsibility, etc. Maris Roze
260 ## - PUBLICATION, DISTRIBUTION, ETC. (IMPRINT)
Place of publication, distribution, etc. Boston :
Name of publisher, distributor, etc. Houghton Mifflin,
Date of publication, distribution, etc. ©1980.
300 ## - PHYSICAL DESCRIPTION
Pagination v, 247 p. :
Illustrations ill. ;
Size 28 cm
500 ## - GENERAL NOTE
General note Includes index.
650 ## - SUBJECT ADDED ENTRY--TOPICAL TERM
Topical term or geographic name as entry element English language
General subdivision Sentences
9 (RLIN) 133877
Topical term or geographic name as entry element English language
General subdivision Composition and exercises
9 (RLIN) 132981
942 ## - ADDED ENTRY ELEMENTS (KOHA)
Source of classification or shelving scheme Dewey Decimal Classification
Koha item type Books
Holdings
Lost status Source of classification or shelving scheme Damaged status Not for loan Collection code Permanent Location Current Location Shelving location Date acquired Total Checkouts Full call number Date last seen Copy number Koha item type
  Dewey Decimal Classification     Non-fiction Central Library, University of Rajshahi Central Library, University of Rajshahi   26/12/1983   425 ROG 1980 24/08/2016 C-2 Books
  Dewey Decimal Classification     Non-fiction Central Library, University of Rajshahi Central Library, University of Rajshahi   26/12/1983   425 ROG 1980 24/08/2016 C-3 Books
  Dewey Decimal Classification     Non-fiction Central Library, University of Rajshahi Central Library, University of Rajshahi   26/12/1983   425 ROG 1980 24/08/2016 C-4 Books
  Dewey Decimal Classification     Non-fiction Central Library, University of Rajshahi Central Library, University of Rajshahi   26/12/1963   425 ROG 1980 24/08/2016 C-5 Books